00442nam a2200121 a 450000100100000000500170001000800410002704000250006808200140009324501430010726000500025030000200030000003336920200930070218.0110825s1913 dr 000 0 spa d aDO-SdBNPbspacBNPHU axxxbM53300aMemoria que al ciudadano secretario de estado de Justicia e Instrucción Puública presenta el señor rector del Instituto Profesional. aSanto Domingo :bLa cuna de América,c1913. a65 p. ;c24 cm.